Nukleárna analytická chémia

Na minha lista:
Detalhes bibliográficos
Main Authors: Tölgyessy, Juraj, 1931- (Author), Varga, Štefan (Author)
Formato: Livro
Idioma:eslovaco
Publicado em: Bratislava Alfa 1976
Edição:1. vyd.
Colecção:Edícia chemickej literatúry
Acesso em linha:View in OPAC
Tags: Adicionar Tag
Sem tags, seja o primeiro a adicionar uma tag!

MARC

LEADER 00000nam a2200000 a 4500
005 20260127134018.0
008 180814s1976 xo 0 slo
020 |c 31 Kčs. (4000 výtl.) 
035 |a vtls001104552 
035 |a SNK000047394 
039 9 |a 201808141110  |b VLOAD  |c 201808141110  |d VLOAD  |c 201605171501  |d VLOAD  |c 201604141821  |d VLOAD  |y 200412241552  |z VLOAD 
040 |a SNK  |b slo  |c SNK  |e AACR2 
041 0 |a slo 
044 |a xo  |c SK 
080 |a 541.28.06(075.8)  |2 1981 
080 |a 378  |2 1981 
100 1 |a Tölgyessy, Juraj,  |d 1931-  |9 889 
245 1 0 |a Nukleárna analytická chémia  |c Juraj TOLGYESSY, Štefan VARGA ; Juraj Tolgyessy, Štefan Varga, Svetozár Mydlo 
250 |a 1. vyd. 
260 |a Bratislava  |b Alfa  |c 1976  |e Bratislava  |f Svornosť 
300 |a 304 s., 26,52 AH  |b Tb. Fot. Grafy. Sch.  |c 24 cm 
490 1 |a Edícia chemickej literatúry 
500 |a Lit. 39. Reg. Určené posl. vys. škôl a prac. ktorí, prichádzajú do styku s nukleárnymi analytickými metódami. 39 zázn. lit. o knihách v jaz. slov., čes., rus., angl. a nem. 
700 1 |a Varga, Štefan  |4 aut 
700 1 |a Tölgyessy, Juraj,  |d 1931-  |4 aut  |9 889 
700 1 |a Mydlo, Svetozár,  |d 1948-2014  |4 bkd  |9 1229 
911 |a KN 1977  |b 03852  |c 00833 
954 |a chémia analytická  |a chémia jadrová  |x základy  |a metódy fyzikálno-chemické  |x analytické  |x učebnice VŠ 
958 |a OND 
958 |a [NB39] 
958 |a NB 
958 |a TL 
958 |a UV 
999 |c 2094  |d 2094